000 00375nam a2200133Ia 4500
008 151001s9999||||xx |||||||||||||| ||und||
100 _aवाणप्रस्थी प्राणनाथ
245 _aगुरु नानक देव
250 _a1
260 _bशिक्षा भारती
260 _c1981
300 _a40
365 _b18
999 _c964695
_d964692